LEADER 05190nam 2200661 a 450 001 9910454552703321 005 20200520144314.0 010 $a1-283-39658-0 010 $a9786613396587 010 $a3-11-019879-7 024 7 $a10.1515/9783110198799 035 $a(CKB)1000000000692129 035 $a(EBL)370730 035 $a(OCoLC)437239139 035 $a(SSID)ssj0000124385 035 $a(PQKBManifestationID)11141296 035 $a(PQKBTitleCode)TC0000124385 035 $a(PQKBWorkID)10015371 035 $a(PQKB)10978061 035 $a(MiAaPQ)EBC370730 035 $a(DE-B1597)33874 035 $a(OCoLC)979635901 035 $a(DE-B1597)9783110198799 035 $a(Au-PeEL)EBL370730 035 $a(CaPaEBR)ebr10256667 035 $a(CaONFJC)MIL339658 035 $a(EXLCZ)991000000000692129 100 $a20070824d2007 uy 0 101 0 $aeng 135 $aur||||||||||| 181 $ctxt 182 $cc 183 $acr 200 00$aCognitive paths into the Slavic domain$b[electronic resource] /$fedited by Dagmar Divjak, Agata Kochan?ska 210 $aBerlin ;$aNew York $cMouton de Gruyter$dc2007 215 $a1 online resource (472 p.) 225 1 $aCognitive linguistics research,$x1861-4132 ;$v38 300 $aDescription based upon print version of record. 311 $a3-11-019620-4 320 $aIncludes bibliographical references and index. 327 $t Frontmatter -- $tTable of contents -- $tWhy cognitive linguists should care about the Slavic languages and vice versa -- $tPart one. The nominal system: the meaning of case -- $tNominative and instrumental variation of adjectival predicates with the Russian copula byt': reference time, limitation, and focalization -- $tWhy double marking in the Macedonian dativus sympatheticus? -- $tPart two. The verbal system: the meaning of tense, aspect and mood -- $tWhat makes Russian bi-aspectual verbs special? -- $tPerfectives, imperfectives and the Croatian present tense -- $tConflicting epistemic meanings of the Polish aspectual variants in past and in future uses: are they a vagary of grammar? -- $tConjunctions, verb forms, and epistemic stance in Polish and Serbian predictive conditionals -- $tPart three. The sentential system: non-archetypal event conceptions -- $tDegrees of event integration. A binding scale for [VFIN VINF] structures in Russian -- $tThe 'impersonal' impersonal construction in Polish. A Cognitive Grammar analysis -- $tPart four. Changing language: category shifting -- $tA Frame Semantic account of morphosemantic change: the case of Old Czech v??ící -- $tA prototype account of the development of delimitative po- in Russian -- $tThe rise of an epistemic pragmatic marker in Balkan Slavic: an exploratory study of ne?to -- $tPart five. Motivating language: iconicity in language -- $tIconicity and linear ordering of constituents within Polish NPs -- $tDiscourse-aspectual markers in Czech sound symbolic expressions: Towards a systematic analysis of sound symbolism -- $t Backmatter 330 $aThe volume presents an overview of recent cognitive linguistic research on Slavic languages. Slavic languages, with their rich inflectional morphology in both the nominal and the verbal system, provide an important testing ground for a linguistic theory that seeks to motivate linguistic structure. Therefore, the volume touches upon a wide range of phenomena: it addresses issues related to the semantics of grammatical case, tense, aspect, voice and word order, it looks into grammaticalization and language change and discusses sound symbolism. At the same time, the analyses presented address a variety of theoretically important issues. Take for example the role of virtual entities in language or that of iconic motivation in grammar, the importance of metaphor for grammaticalization or that of subjectification for motivating synchronic polysemy and diachronic language change, as well as the myriad of patterns available to encode events in a non-canonical way or to convey the speaker's epistemic stance with respect to the communicated content. In addition, the analyses are couched in a variety of cognitive linguistic frameworks, such as cognitive grammar, mental space theory, construction grammar, frame semantics, grammaticalization theory, as well as prototype semantics. All in all, the analyses presented in this volume enrich the understanding of established aspects of the cognitive model of language and may serve as catalysts for their further development and refinement, making the volume a worthwhile read for Slavic and cognitive linguists alike. 410 0$aCognitive linguistics research ;$v38. 606 $aSlavic languages$xGrammar 606 $aCognitive grammar 608 $aElectronic books. 615 0$aSlavic languages$xGrammar. 615 0$aCognitive grammar. 676 $a491.8/04 701 $aDivjak$b Dagmar$01037057 701 $aKochan?ska$b Agata$01046555 801 0$bMiAaPQ 801 1$bMiAaPQ 801 2$bMiAaPQ 906 $aBOOK 912 $a9910454552703321 996 $aCognitive paths into the Slavic domain$92473541 997 $aUNINA LEADER 01475nam 2200457 450 001 996466556503316 005 20230427133329.0 010 $a9783030896942$b(electronic bk.) 010 $z9783030896935 035 $a(MiAaPQ)EBC6892219 035 $a(Au-PeEL)EBL6892219 035 $a(CKB)21276351500041 035 $a(PPN)260831468 035 $a(EXLCZ)9921276351500041 100 $a20221001d2021 uy 0 101 0 $aeng 135 $aurcnu|||||||| 181 $ctxt$2rdacontent 182 $cc$2rdamedia 183 $acr$2rdacarrier 200 00$aCommutative algebra $eexpository papers dedicated to David Eisenbud on the occasion of his 65th birthday /$fedited by Irena Peeva 210 1$aCham, Switzerland :$cSpringer,$d[2021] 210 4$d©2021 215 $a1 online resource (898 pages) 311 08$aPrint version: Peeva, Irena Commutative Algebra Cham : Springer International Publishing AG,c2022 9783030896935 320 $aIncludes bibliographical references. 606 $aÀlgebra commutativa$2thub 606 $aAnells commutatius$2thub 606 $aCommutative algebra 608 $aLlibres electrònics$2thub 615 7$aÀlgebra commutativa 615 7$aAnells commutatius 615 0$aCommutative algebra. 676 $a512.24 702 $aPeeva$b Irena 801 0$bMiAaPQ 801 1$bMiAaPQ 801 2$bMiAaPQ 912 $a996466556503316 996 $aCommutative algebra$980108 997 $aUNISA LEADER 02181nam 2200349 450 001 9910557294403321 005 20230517200319.0 035 $a(CKB)5400000000041095 035 $a(NjHacI)995400000000041095 035 $a(EXLCZ)995400000000041095 100 $a20230517d2020 uy 0 101 0 $aita 135 $aur||||||||||| 181 $ctxt$2rdacontent 182 $cc$2rdamedia 183 $acr$2rdacarrier 200 12$aI Balcani occidentali tra romanico e bizantino $eTradizione e sperimentazione nell'architettura serba della seconda meta? del XII secolo /$fAleksandra Filipovic? 210 1$aFlorence, Italy :$cFirenze University Press,$d2020. 215 $a1 online resource (244 pages) 311 $a88-5518-214-5 330 $aThis volume focuses on the ecclesiastical architecture of 12th-century Nemaniad origins (Mother of God, Saint Nicholas and Saint George) by examining the layout preferences of the client and the workforce of diverse cultural backgrounds. The author discusses the monuments' construction techniques as a primary instrument for shaping space by taking into consideration the visual effects of the domed space of Romanesque architecture as diametrically opposed to architectural elements present in the Byzantine world. The analysis of the different construction phases of the churches considered is carried out based on archival documents, on a survey carried out in the field, and a reconstruction of their realities within a historical context. What emerges in this analysis is that a regional architecture's selection choices for construction should not be understood as an either-or scenario between Byzantium and the West, but rather as the result of a synthesis of different local architectural traditions that comes to fruition in Medieval Serbia. 517 $aI Balcani occidentali tra romanico e bizantino 606 $aArchitecture 615 0$aArchitecture. 676 $a720 700 $aFilipovic?$b Aleksandra$01347932 801 0$bNjHacI 801 1$bNjHacl 906 $aBOOK 912 $a9910557294403321 996 $aI Balcani occidentali tra romanico e bizantino$93084912 997 $aUNINA LEADER 02466nam 2200601 a 450 001 9910137627403321 005 20200520144314.0 010 $a3-527-64611-6 010 $a1-280-69818-7 010 $a9786613675149 010 $a3-527-64612-4 010 $a3-527-64609-4 035 $a(CKB)3190000000022662 035 $a(EBL)938874 035 $a(OCoLC)795120563 035 $a(SSID)ssj0000667306 035 $a(PQKBManifestationID)11409837 035 $a(PQKBTitleCode)TC0000667306 035 $a(PQKBWorkID)10694229 035 $a(PQKB)11468310 035 $a(MiAaPQ)EBC938874 035 $a(Au-PeEL)EBL938874 035 $a(CaPaEBR)ebr10580144 035 $a(CaONFJC)MIL367514 035 $a(EXLCZ)993190000000022662 100 $a20120801d2012 uy 0 101 0 $aeng 135 $aur|n|---||||| 181 $ctxt 182 $cc 183 $acr 200 00$aIntegrative computational materials engineering$b[electronic resource] $econcepts and applications of a modular simulation platform /$fedited by Georg J. Schmitz and Ulrich Prahl 210 $aWeinheim, Germany $cWiley-VCH$d2012 215 $a1 online resource (346 p.) 300 $aDescription based upon print version of record. 311 $a3-527-33081-X 320 $aIncludes bibliographical references and index. 327 $apt. 1. Concepts -- pt. 2. Applications. 330 $aPresenting the results of an ambitious project, this book summarizes the efforts towards an open, web-based modular and extendable simulation platform for materials engineering that allows simulations bridging several length scales. In so doing, it covers processes along the entire value chain and even describes such different classes of materials as metallic alloys and polymers. It comprehensively describes all structural ideas, the underlying concepts, standard specifications, the verification results obtained for different test cases and additionally how to utilize the platform as a user an 606 $aMaterials 606 $aEngineering$xSimulation methods 615 0$aMaterials. 615 0$aEngineering$xSimulation methods. 676 $a620.110113 701 $aSchmitz$b Georg J$0931662 701 $aPrahl$b Ulrich$0931663 801 0$bMiAaPQ 801 1$bMiAaPQ 801 2$bMiAaPQ 906 $aBOOK 912 $a9910137627403321 996 $aIntegrative computational materials engineering$92095670 997 $aUNINA